000
00331nam a2200145Ia 4500
005
20251222143111.0
008
251222s9999||||xx |||||||||||||| ||spa||
020
_a
9789584515117
082
_a
981.032/O82
100
_a
Ospina, William
245
0
_a
El PaĆs de la Canela
250
_a
1ra.ed.
264
_b
Norma
942
_c
LIB
999
_c
11163
_d
11163